Exploring strategic change. / (Record no. 2879)
[ view plain ]
| 000 -LEADER | |
|---|---|
| fixed length control field | 00979nam a22002057a 4500 |
| 008 - FIXED-LENGTH DATA ELEMENTS--GENERAL INFORMATION | |
| fixed length control field | 140425b xxu||||| |||| 00| 0 eng d |
| 020 ## - INTERNATIONAL STANDARD BOOK NUMBER | |
| International Standard Book Number | 978027370802 |
| 050 ## - LIBRARY OF CONGRESS CALL NUMBER | |
| Classification number | HD30.28.B344 |
| 100 ## - MAIN ENTRY--PERSONAL NAME | |
| Personal name | Balogun, Julia. |
| 245 ## - TITLE STATEMENT | |
| Title | Exploring strategic change. / |
| Statement of responsibility, etc. | Julia Balogun |
| 250 ## - EDITION STATEMENT | |
| Edition statement | 3rd ed. |
| 260 ## - PUBLICATION, DISTRIBUTION, ETC. | |
| Place of publication, distribution, etc. | Harlow: |
| Name of publisher, distributor, etc. | Prentice Hall, |
| Date of publication, distribution, etc. | 2008. |
| 300 ## - PHYSICAL DESCRIPTION | |
| Extent | xxi,290p.: |
| Other physical details | ill.; |
| Dimensions | 24cm. |
| 500 ## - GENERAL NOTE | |
| General note | Includes index. |
| 505 ## - FORMATTED CONTENTS NOTE | |
| Formatted contents note | Contents: Exploring strategic change: an introduction -- Understanding implementation choices: the options to consider -- Analysing the change context: exercising change judgement -- Transforming a public sector communications agency: Designing the transition: the implementation path -- Designing the transition: change levers and interventions -- Managing the transition: planning, monitoring and resourcing -- Concluding comments. |
| 700 ## - ADDED ENTRY--PERSONAL NAME | |
| Personal name | Johnson, Gerry. |
| 700 ## - ADDED ENTRY--PERSONAL NAME | |
| Personal name | Scholes, Kevan. |
| 700 ## - ADDED ENTRY--PERSONAL NAME | |
| Personal name | Hailey, Veronica Hope. |
| 942 ## - ADDED ENTRY ELEMENTS (KOHA) | |
| Source of classification or shelving scheme | Library of Congress Classification |
| Koha item type | Books |
| Withdrawn status | Lost status | Source of classification or shelving scheme | Damaged status | Not for loan | Home library | Current library | Shelving location | Date acquired | Total Checkouts | Full call number | Barcode | Date last seen | Copy number | Price effective from | Koha item type |
|---|---|---|---|---|---|---|---|---|---|---|---|---|---|---|---|
| Library of Congress Classification | WISCONSIN INTERNATIONAL UNIVERSITY COLLEGE, GHANA - MAIN LIBRARY | WISCONSIN INTERNATIONAL UNIVERSITY COLLEGE, GHANA - MAIN LIBRARY | Reference | 25/04/2014 | HD30.28.B344 | 6995/13/13 | 25/04/2014 | 1 | 25/04/2014 | Books | |||||
| Library of Congress Classification | WISCONSIN INTERNATIONAL UNIVERSITY COLLEGE, GHANA - MAIN LIBRARY | WISCONSIN INTERNATIONAL UNIVERSITY COLLEGE, GHANA - MAIN LIBRARY | Reference | 25/04/2014 | HD30.28.B3441 | 6996/14/13 | 25/04/2014 | 2 | 25/04/2014 | Books | |||||
| Library of Congress Classification | WISCONSIN INTERNATIONAL UNIVERSITY COLLEGE, GHANA - MAIN LIBRARY | WISCONSIN INTERNATIONAL UNIVERSITY COLLEGE, GHANA - MAIN LIBRARY | Reference | 25/04/2014 | HD30.28.B3442 | 6997/15/13 | 25/04/2014 | 3 | 25/04/2014 | Books |
